|
|
|
|
| LEADER |
00000cab a2200000 a 4500 |
| 003 |
Ucuenca |
| 005 |
20230308202559.0 |
| 008 |
006091| ||||||||r|||||||||||spa|| |
| 022 |
|
|
|a 1667-314
|
| 040 |
|
|
|b spa
|
| 041 |
1 |
|
|a spa
|
| 082 |
0 |
|
|a 320.05
|b K75d
|
| 100 |
1 |
|
|a Mackelmann, Mathias
|9 199710
|
| 245 |
|
|
|a Perú 2006: comunicación política y elecciones "bailando, gritando y escuchando"
|c Mathias Mackelmann
|h imp
|
| 264 |
|
|
|a Buenos Aires
|b Konrad-Adenauer- Stiftung
|c Junio 2006
|
| 300 |
|
|
|a páginas: 11-34
|
| 362 |
|
|
|a Año XXIII; no. 2 (junio 2006)
|
| 504 |
|
|
|a incl. ref.
|
| 650 |
1 |
|
|a Peru politica
|9 199657
|
| 650 |
1 |
|
|a Elecciones peruanas
|9 199658
|
| 650 |
1 |
|
|a Revista dialogo politico
|9 199659
|
| 852 |
|
|
|a UC-CDJBV
|f Donación
|l 1
|m General
|p 20060913
|q 1,00
|r 2
|b 0
|d CDRC
|e CDRC
|g 320.05 K75d TERCER PISO (SECCION REVISTAS)
|z 2006-60-91
|
| 942 |
|
|
|c SERA
|
| 773 |
0 |
|
|0 151207
|9 134906
|a Konrad-Adenauer-Stiftung
|d Buenos Aires Konrad-Adenauer- Stiftung Junio 2006
|o 117314
|t Diálogo Político
|x 1667-314
|
| 999 |
|
|
|c 102745
|d 102745
|